Age of ground water in basalt aquifers near Spring Creek National Fish Hatchery, Skamania County, Washington.

Bibliographic Details
Main Author: Hinkle, Stephen R.
Corporate Authors: Geological Survey (U.S.), U.S. Fish and Wildlife Service
Format: Government Document Book
Language:English
Published: Portland, Or. : U.S. Dept. of the Interior, U.S. Geological Survey ; 1996.
Series:Water-resources investigations report ; 95-4272.
Subjects:

MARC

Tag First Indicator Second Indicator Subfields
LEADER 00000cam a2200000 a 4500
001 in00001322021
005 20151005072033.0
008 960607s1996 oruab b f000 0 eng d
010 |a gp 96072852  
035 |a (OCoLC)34891307 
035 |9 AHC5176AM 
040 |d GPO  |d DLC  |d MvI  |d UtOrBLW 
043 |a n-us-wa 
074 |a 0624-B 
086 0 |a I 19.42/4:95-4272 
100 1 |a Hinkle, Stephen R. 
245 1 0 |a Age of ground water in basalt aquifers near Spring Creek National Fish Hatchery, Skamania County, Washington. 
264 1 |a Portland, Or. :  |b U.S. Dept. of the Interior, U.S. Geological Survey ;  |c 1996. 
264 2 |a Denver, CO :  |b Information Services [distributor], 
300 |a iv, 26 pages :  |b illustrations, map ;  |c 28 cm. 
336 |a text  |b txt  |2 rdacontent 
337 |a unmediated  |b n  |2 rdamedia 
338 |a volume  |b nc  |2 rdacarrier 
490 1 |a Water-resources investigations report ;  |v 95-4272 
500 |a Shipping list number: 96-0261-P. 
504 |a Includes bibliographical references (pages 24-26). 
650 0 |a Groundwater  |z Washington (State)  |z Skamania County. 
650 0 |a Hydrogeology  |z Washington (State)  |z Skamania County. 
710 2 |a Geological Survey (U.S.) 
710 2 |a U.S. Fish and Wildlife Service. 
830 0 |a Water-resources investigations report ;  |v 95-4272. 
999 |a MARS 
999 f f |s 3d78272f-002f-3205-9cd0-88de45317f23  |i bea72f21-5db6-3eaa-8af7-870d1c126394  |t 0 
952 f f |p normal  |a Texas A&M University  |b College Station  |c Sterling C. Evans Library  |d Evans: US Documents (Annex 5th floor)  |t 0  |e I 19.42/4:95-4272  |h Superintendent of Documents classification  |i unmediated -- volume  |m A14820421998 
998 f f |a I 19.42/4:95-4272  |t 0  |l Evans: US Documents (Annex 5th floor)